000
00303 a2200109 4500
001
ART_18158
005
20260410161657.0
008
260409a
245
1
0
_a
Nuevas normas contables.
100
1
_a
García, Fernando
773
0
_t
Práctica profesional
_g
- Nº 148 (ago. 2011)
_w
REV542
999
_c
14861
_d
14861